| 000 -LEADER |
| fixed length control field |
00604nam a2200217 a 4500 |
| 003 - CONTROL NUMBER IDENTIFIER |
| control field |
OSt |
| 005 - DATE AND TIME OF LATEST TRANSACTION |
| control field |
20191223095908.0 |
| 008 - FIXED-LENGTH DATA ELEMENTS--GENERAL INFORMATION |
| fixed length control field |
090121r19941993enk d 000 1 eng |
| 020 ## - INTERNATIONAL STANDARD BOOK NUMBER |
| International Standard Book Number |
9780552140287 |
| 040 ## - CATALOGING SOURCE |
| Modifying agency |
CaOL |
| Transcribing agency |
KH8 |
| 082 ## - DEWEY DECIMAL CLASSIFICATION NUMBER |
| Classification number |
FIC PRA |
| 100 1# - MAIN ENTRY--PERSONAL NAME |
| Personal name |
Pratchett, Terry. |
| Relator term |
author |
| 245 10 - TITLE STATEMENT |
| Title |
Men at arms / |
| Statement of responsibility, etc. |
Terry Pratchett. |
| 260 ## - PUBLICATION, DISTRIBUTION, ETC. |
| Place of publication, distribution, etc. |
London : |
| Name of publisher, distributor, etc. |
Corgi, |
| Date of publication, distribution, etc. |
1994, c1993. |
| 300 ## - PHYSICAL DESCRIPTION |
| Extent |
427 p. |
| Dimensions |
18 cm. |
| 490 1# - SERIES STATEMENT |
| Series statement |
Discworld novel |
| 500 ## - GENERAL NOTE |
| General note |
Originally published: London: Gollancz, 1993. |
| 650 #0 - SUBJECT ADDED ENTRY--TOPICAL TERM |
| Topical term or geographic name entry element |
Discworld (Imaginary place) |
| Form subdivision |
Fiction. |
| 830 #0 - SERIES ADDED ENTRY--UNIFORM TITLE |
| Uniform title |
Discworld series. |
| 942 ## - ADDED ENTRY ELEMENTS (KOHA) |
| Source of classification or shelving scheme |
|
| Koha item type |
Books - Fiction |